Študijné programy Nemeckofónneho štúdia na Ekonomickej univerzite v Bratislave ...

Bibliographic Details
Corporate Author: Ekonomická univerzita v Bratislave
Other Authors: Klimková, Zuzana (Compiler)
Format: Serial
Language:Slovak
PhysicalDescription:zv. tab. 21 cm
Published: Bratislava Ekonóm
ISBN:8022522120 (brož. : r. 2006/2007)
Subjects:

MARC

LEADER 00000cas a2200000 a 4500
001 vtls008870954
003 SK-MaSNL
005 20260425194222.0
008 230913u200u9999xo uu 0 b0slo
020 |a 8022522120 (brož. : r. 2006/2007) 
040 |a SNK  |b slo  |c SNK  |e AACR2 
041 0 |a slo 
043 |a e-xo--- 
044 |a xo  |c SK 
072 7 |a 378  |x Vysoké školy  |2 konspekt 
072 7 |a 80  |x Filológia  |2 konspekt 
080 |a 378.6:33  |2 2001 
080 |a (437.611)  |2 2011 
080 |a 80(=11)+908(4)  |2 2011 
080 |a 80(=112.2)+908(4)  |2 2011 
080 |a (036)  |2 2011 
110 2 |a Ekonomická univerzita v Bratislave  |9 78770 
245 1 0 |a Študijné programy Nemeckofónneho štúdia na Ekonomickej univerzite v Bratislave ...  |c Ekonomická univerzita v Bratislave 
260 |a Bratislava  |b Ekonóm 
300 |a zv.  |b tab.  |c 21 cm 
310 |a Periodicita nie je známa 
500 |a Popis podľa : r. 2006/2007 
500 |a Súčasťou názvu je označenie akademického roku 
500 |a Zostavila: Zuzana Klimková 
650 0 7 |a vysoké školy ekonomické  |2 SNKPH  |9 67405 
650 0 7 |a Universities of economics  |2 SNKPHeng  |9 267333 
650 0 7 |a štúdium a výučba  |2 SNKPH  |9 3982 
650 0 7 |a Study and teaching  |2 SNKPHeng  |9 265408 
650 0 7 |a germanistika  |2 SNKPH  |9 82402 
650 0 7 |a Germanic studies  |2 SNKPHeng  |9 266004 
651 7 |a Bratislava (Slovensko)  |2 SNKPHgeo  |9 14568 
651 7 |a Bratislava (Slovakia)  |2 SNKPHeng  |9 171234 
655 7 |a informačné publikácie  |2 SNKPH  |9 70181 
655 7 |a Information publications  |2 SNKPHeng  |9 265188 
700 1 |a Klimková, Zuzana  |4 com  |9 270704 
910 |a snk 
919 |a 80-225-2212-0 
999 |c 7400  |d 9330 
952 |a SNK  |b SNK  |y PREZ  |7 0  |p 17A0502839  |o snkČSD 781/J/2006-2007  |i snk2006/21969  |8 0  |0 0  |1 0  |4 0  |d 2006-10-26  |l 0  |r 2026-02-21 20:04:22  |w 2026-02-21 
952 |a SNK  |b SNK  |y PREZ  |7 0  |p 17A0502838  |o snkČSD 781/J/2006-2007 D1  |i snk2006/21970  |8 0  |0 0  |1 0  |4 0  |d 2006-10-26  |l 0  |r 2026-02-21 20:04:23  |w 2026-02-21